Statystyki dla Heroes of might and magic III - Budynki jednostek w zamkach

Kliknij tutaj aby rozwiązać quiz!

Ogólne statystyki

  • Ten quiz został rozwiązany 307 razy
  • Średni wynik to 20 z 63

Statystyki odpowiedzi

Odpowiedź% Poprawnych
Koszary
72%
Klasztor
64%
Cmentarz
61%
Portal chwały
61%
Strażnica
58%
Zagajnik
53%
Labirynt
51%
Wieża magów
50%
Polana jednorożców
47%
Fabryka golemów
46%
Dworek
44%
Mauzoleum
43%
Ołtarz magii
43%
Ołtarz ognia
43%
Ołtarz powietrza
43%
Ołtarz wody
43%
Ołtarz ziemi
43%
Warsztat
43%
Wieża gryfów
41%
Arena walk
40%
Stajnie centaurów
37%
Staw hydr
36%
Gospodarstwo
35%
Jezioro ognia
35%
Wir ognia
34%
Fort ogrów
33%
Kaplica
32%
Grota cyklopów
30%
Wieża łucznicza
29%
Chata gnolli
28%
Psiarnia
28%
Ołtarz życzeń
27%
Świątynia obłoków
27%
Urodzisko
27%
Złoty pawilon
27%
Przeklęty pałac
26%
Legowisko mantykor
25%
Smocze Urwiska
25%
Wieża orków
25%
Gniazdo wiwern
24%
Chata krasnoludów
23%
Harpie gniazda
23%
Wilczy wybieg
23%
Wrota demonów
22%
Smocza jaskinia
20%
Legowisko bazyliszków
19%
Magiczne źródło
19%
Przedsionek piekieł
19%
Rojowisko ważek
18%
Smocza krypta
18%
Kolumna oczu
17%
Siedlisko behemotów
17%
Czarci krąg
16%
Sale grzechu
16%
Zagroda gorgon
16%
Gniazdo na urwisku
15%
Koszary goblinów
15%
Kaplica zastygłego słowa
14%
Grobowiec dusz
13%
Przeklęta świątynia
13%
Sale ciemności
13%
Magiczna latarnia
12%
Siedlisko jaszczurów
8%

Rozkład punktacji

Percentyl według liczby udzielonych odpowiedzi

Procent ludzi z każdym wynikiem

Twoja historia wyników

Nie rozwiązałeś tego quizu